Statystyki dla Kandydaci na prezydenta RP 2020

Kliknij tutaj aby rozwiązać quiz!

Ogólne statystyki

  • Ten quiz został rozwiązany 152 razy
  • Średni wynik to 6 z 6

Statystyki odpowiedzi

% głosów w I turze% głosów w II turzePartiaKandydat% Poprawnych
45,5051,03PISAndrzej Duda
100%
30,4648,97PORafał Trzaskowski
99%
6,78-KonfederacjaKrzysztof Bosak
94%
2,22-LewicaRobert Biedroń
90%
13,87-BezpartyjnySzymon Hołownia
90%
2,36-PSLWładysław Kosiniak-Kamysz
86%

Rozkład punktacji

Percentyl według liczby udzielonych odpowiedzi

Procent ludzi z każdym wynikiem

Twoja historia wyników

Nie rozwiązałeś tego quizu